=LDR 00000nam 2200000 4500 =001 INLIS000000000022406 =005 20130612121150 =008 ***********************************ind** =035 ##$$0010-061300000022406 =041 ##$$a ind =082 ##$$a 028.5 =090 ##$$a 028.5, ROB m =100 ##$$a Robson, Denny =245 ##$$a Mengamati Matahari, Denny Robson, diterjemahkan oleh Constantin Z. Dupe =250 ##$$a Mengamati =260 ##$$a 1996 $b Jakarta =300 ##$$a 32 hlm., ilus., 27 cm =650 ##$$a Matahari =650 ##$$a Bacaan Anak-anak =850 ##$$a NBPNMAT